LEADER 01027nam a2200217 i 4500 001 000000158942 003 CaOOAMICUS 005 20070214000000.0 008 070214s2006 it u000 u ita u 013 $a136305 040 $aSeMil$bita 245 10$a[B :$bCorollario Missionario Euntes]. 260 $aTrezzano sul Naviglio (Mi) :$bCentro culturale di Trezzano sul Naviglio,$c2006. 300 $a400 p. :$bricc. ill. ;$c31 cm. 650 4$aMissioni - Cooperazione.$0(OLS)http://semarc/subject/17078 773 0 $t[Alla Ricerca delle Mie ... Radici!].$bEd. f. c.$dTrezzano sul Naviglio (Mi) : Centro culturale di Trezzano sul Naviglio, 2005-2006.$w()17263 850 $aSeMil 852 $aSeMil$W1$xVenegono$y1$m3V VI 129$j110530$B110530$CSeMilBibl$Z2$F120899 $81 961 $aOmaggio: Tettamanzi Card. Dionigi 996 $6245$a[B :$bCorollario Missionario Euntes]$9(OLS)http://semarc/title/140662 996 $6260$aTrezzano sul Naviglio (Mi) :$bCentro culturale di Trezzano sul Naviglio$9(OLS)http://semarc/publisher/34605 LEADER 00600naa a2200145 i 4500 001 000000294519 003 CaOOAMICUS 005 20180831172508.0 008 180831n xx u000 u und u 013 $a1797 040 $aSeMil$bita 100 1 $aZirnheld, Claire-Agnès.$0(OLS)http://semarc/name/85099 245 13$aLe double visage de la Passion :$bmalédiction due au péché et. 773 0 $tPhilohistôr.$dLeuven : Uitgeverij Peeters, 1994.$kOrientalia lovaniensia analecta$z90-6831-574-9$w()43799 996 $6245$aLe double visage de la Passion :$bmalédiction due au péché et$9(OLS)http://semarc/title/370604